UM Logo

Marketing strategies of networking businesses in Digos City: An assessment on stability/ (Record no. 1956)

MARC details
000 -LEADER
fixed length control field 00648nam a22001577a 4500
008 - FIXED-LENGTH DATA ELEMENTS--GENERAL INFORMATION
fixed length control field 160425b xxu||||| |||| 00| 0 eng d
082 ## - DEWEY DECIMAL CLASSIFICATION NUMBER
Edition number 2012
Classification number UT 0355
Item number B22
100 ## - MAIN ENTRY--PERSONAL NAME
9 (RLIN) 6266
Personal name Banogbanog, Nemieros D.
245 ## - TITLE STATEMENT
Title Marketing strategies of networking businesses in Digos City: An assessment on stability/
Statement of responsibility, etc. Nemieros D. Banogbanog, Albert G. Operiano and Wenie C. Pellerin Jr.
260 ## - PUBLICATION, DISTRIBUTION, ETC. (IMPRINT)
Place of publication, distribution, etc. Digos City:
Name of publisher, distributor, etc. UMDC
Date of publication, distribution, etc. March 2012.
300 ## - PHYSICAL DESCRIPTION
Extent 54 pagees;
Dimensions 28 cm.
650 #0 - SUBJECT ADDED ENTRY--TOPICAL TERM
9 (RLIN) 6267
Topical term or geographic name as entry element Business Administration
Form subdivision Financial Management
General subdivision Undergraduate thesis.
700 ## - ADDED ENTRY--PERSONAL NAME
9 (RLIN) 6268
Personal name Operiano, Nemeiros D.
700 ## - ADDED ENTRY--PERSONAL NAME
9 (RLIN) 6269
Personal name Pelerin, Wenie C.
Numeration Jr.
942 ## - ADDED ENTRY ELEMENTS (KOHA)
Source of classification or shelving scheme Dewey Decimal Classification
Koha item type Undergraduate Thesis

No items available.